Role of Hepatitis-C virus non structural proteins in the induction of insulin resistance/ (Record no. 330428)

000 -LEADER
fixed length control field 00684nam a22001937a 4500
003 - CONTROL NUMBER IDENTIFIER
control field ASAB
005 - DATE AND TIME OF LATEST TRANSACTION
control field 20240701142013.0
008 - FIXED-LENGTH DATA ELEMENTS--GENERAL INFORMATION
fixed length control field 170711b xxu||||| |||| 00| 0 eng d
040 ## - CATALOGING SOURCE
Transcribing agency ASAB
082 ## - DEWEY DECIMAL CLASSIFICATION NUMBER
Classification number 200
100 ## - MAIN ENTRY--PERSONAL NAME
Personal name Fahed Parvaiz
9 (RLIN) 3233
245 ## - TITLE STATEMENT
Title Role of Hepatitis-C virus non structural proteins in the induction of insulin resistance/
Statement of responsibility, etc. Fahed Parvaiz-sup-Dr. Sobia Manzoor
260 ## - PUBLICATION, DISTRIBUTION, ETC.
Place of publication, distribution, etc. Islamabad.
Name of publisher, distributor, etc. Atta-ur-rahman School of Applied Biosciences NUST.
Date of publication, distribution, etc. 2014
300 ## - PHYSICAL DESCRIPTION
Extent 162 P
600 ## - SUBJECT ADDED ENTRY--PERSONAL NAME
General subdivision PhD- Healthcare Biotechnology
9 (RLIN) 123893
700 ## - ADDED ENTRY--PERSONAL NAME
Personal name Supervisor:Dr. Sobia Manzoor
9 (RLIN) 123924
856 ## - ELECTRONIC LOCATION AND ACCESS
Uniform Resource Identifier <a href="http://10.250.8.41:8080/xmlui/handle/123456789/27721">http://10.250.8.41:8080/xmlui/handle/123456789/27721</a>
942 ## - ADDED ENTRY ELEMENTS (KOHA)
Source of classification or shelving scheme
Koha item type Soft Copy
Holdings
Withdrawn status Lost status Source of classification or shelving scheme Damaged status Not for loan Collection code Permanent Location Current Location Date acquired Total Checkouts Full call number Barcode Date last seen Price effective from Koha item type Shelving location
            Atta-ur-Rahman School of Applied Biosciences (ASAB) Atta-ur-Rahman School of Applied Biosciences (ASAB) 07/11/2017   Thesis 2014 FP ASABPHD8 07/11/2017 07/11/2017 Thesis  
            Central Library (CL) Central Library (CL) 08/19/2019   200 CLPT-362 08/19/2019 08/19/2019 Soft Copy Thesis
© 2023 Central Library, National University of Sciences and Technology. All Rights Reserved.